00651nam a22002057a 450000500170000001000130001702000220003003500130005203700160006504000120008108200210009324500960011426000480021027000430025830000200030150000510032165000280037265000270040070000180042720170124110010.0 aA-899794 c00.00a8121003776 aA-899794 bCen Lib/Ret aDPLbEN a346.0150269bFAM aFamily courts in india :cedited by Ratna Verma ban appraisal of strength and limitation / bInter-India Publications aNew Delhi c1997 bNew Delhi e110015aD-17, raja garden  a136p.c21cm(Hb) aIncludes bibliographical references and index  aConstitutional rights  aFamily courts zIndia  aVerma, Ratna